000 00755nam a2200229 i 4500
001 bg
100 1 _aMIEDZIŃSKI, Bogdan
245 1 0 _aElektrotechnika :
_bpodstawy i instalacje elektryczne /
_cBogdan Miedziński.
260 _aWarszawa :
_bWydaw. Naukowe PWN,
_c1997.
300 _a460, [2] s. :
_brys., wykr. ;
_c24 cm.
504 _aBibliogr. s. [461].
521 _aDla studentów wydziałów nieelektrycznych do przedmiotów Inżynieria elektryczna, instalacje elektryczne i elektrotechnika.
650 9 _aElektrotechnika
655 _aPodręczniki akademickie
020 _a8301122587
040 _cBPK
041 0 _apl
080 _a621.3(075.8)
920 _a83-01-12258-7
942 _cKS
008 s pl f |000 0 pol
999 _c34231
_d34231
856 _uhttp://koha.tu.koszalin.pl/cgi-bin/koha/opac-detail.pl?biblionumber=34231
_yKatalog online BPK